00809nam a2200181 a 450000100100000000500170001000800410002704000250006808200150009310000350010824500540014326000510019730000260024850501220027495201070039695201070050399900170061000003718120200930080207.0120224s1955 sp a 000 0 spa d aDO-SdBNPbspacBNPHU axxxbB228h1 aBarba, Francisco Esteve96359110aHistoria de la cultura /cFrancisco Esteve Barba. aBarcelona, España :bSalvat Editores,c1955. a2 v. :bil. ;c25 cm.2 gv.1: Oriente y Europa en la Edad Antigua --gv.2: Europa en la Edad Antigua ;tOrigenes del Cristianismo y Edad Media 001050718RVaGRbGRcCTd2012-02-24iLF1l0ov.1p37181-10r2020-06-25w2020-06-25y1ZNo se presta 001050718RVaGRbGRcCTd2012-10-11iLF1l0ov.2p37181-20r2020-06-25w2020-06-25y1ZNo se presta c36671d36671